Swing a wide loop / Leslie Scott.
Available copies
- 1 of 1 copy available at LARL/NWRL Consortium.
Current holds
0 current holds with 1 total copy.
Show Only Available Copies
| Location | Call Number / Copy Notes | Barcode | Shelving Location | Status | Due Date |
|---|---|---|---|---|---|
| Thief River Falls Public Library | SCO (Text) | 35500003396569 | Main | Available | - |
Record details
- ISBN: 0754082571
- Physical Description: 160 p. ; 20 cm.
- Publisher: Bath : Gunsmoke, 2004.
Search for related items by subject
| Genre: | Western stories. |
| LDR | 00834cam a22002538a 4500 | ||
|---|---|---|---|
| 001 | 39733 | ||
| 003 | LARL_NWRL_CONSORTIUM | ||
| 005 | 20040302093432.0 | ||
| 008 | 031209s2004 enk 000 f eng | ||
| 015 | . | ‡aGBA4-Z8520 | |
| 020 | . | ‡a0754082571 | |
| 035 | . | ‡a(OCoLC)53913117 | |
| 040 | . | ‡aUKM ‡cUKM | |
| 082 | 0 | 4. | ‡a813.54 ‡221 |
| 099 | . | ‡aSco | |
| 100 | 1 | . | ‡aScott, Leslie, ‡d1893-1975. ‡0(LARL_NWRL_CONSORTIUM)96759 |
| 245 | 1 | 0. | ‡aSwing a wide loop / ‡cLeslie Scott. |
| 260 | . | ‡aBath : ‡bGunsmoke, ‡c2004. | |
| 300 | . | ‡a160 p. ; ‡c20 cm. | |
| 655 | 7. | ‡aWestern stories. ‡2gsafd | |
| 901 | . | ‡a39733 ‡bOCLC ‡c39733 ‡tbiblio | |

Add to basket
Permalink
Disable Highlighting